[Event "Baden Baden op"]
[Site "Baden-Baden"]
[Date "2023.02.19"]
[Round "5"]
[White "Foerster, Erik"]
[Black "Miller, Konstantin"]
[Result "0-1"]
[WhiteElo "2173"]
[BlackElo "1504"]
[PlyCount "66"]
[EventDate "2023.02.17"]
[EventType "swiss"]
[EventRounds "9"]
[EventCountry "GER"]
[SourceTitle "CBM 212 Extra"]
[Source "ChessBase"]
[SourceDate "2023.03.31"]
[SourceVersion "1"]
[SourceVersionDate "2023.03.31"]
[SourceQuality "1"]

1. Nf3 Nf6 2. g3 g6 3. b3 Bg7 4. Bb2 0-0 5. Bg2 c5 6. c4 Nc6 7. 0-0 b6 8. d4 cxd4 9. Nxd4 Bb7 10. Nc3 Rb8 11. Nc2 d6 12. e4 Nd7 13. Qd2 a6 14. Ne3 Nc5 15. Ned5 Bc8 16. b4 Nd7 17. Ne2 Bxb2 18. Qxb2 b5 19. cxb5 axb5 20. Nd4 Nxd4 21. Qxd4 Nb6 22. Rfc1 Be6 23. Ne3 Qd7 24. e5 dxe5 25. Qxe5 Qd2 26. Qxb5 Nd5 27. Qc5 Nxb4 28. Rd1 Qe2 29. Bf1 Qf3 30. a3 Rfc8 31. Qxe7 Nc2 32. Nxc2 Rxc2 33. Rd8+ Kg7 0-1

[Event "GER-chT U16"]
[Site "Kiel"]
[Date "2022.07.25"]
[Round "5.9"]
[White "Miller, Konstantin"]
[Black "Morgenthaler, Nick"]
[Result "1/2-1/2"]
[WhiteElo "1790"]
[BlackElo "1149"]
[PlyCount "132"]
[EventDate "2022.07.22"]
[EventType "team-swiss"]
[EventRounds "7"]
[EventCountry "GER"]
[SourceTitle "CBM 209 Extra"]
[Source "ChessBase"]
[SourceDate "2022.09.30"]
[SourceVersion "1"]
[SourceVersionDate "2022.09.30"]
[SourceQuality "1"]
[WhiteTeam "Freiburg Zaehringen"]
[BlackTeam "Frankenthal"]
[WhiteTeamCountry "GER"]
[BlackTeamCountry "GER"]

1. e4 e6 2. d4 d5 3. Nc3 Nf6 4. Bg5 Be7 5. e5 Nfd7 6. h4 Bxg5 7. hxg5 Qxg5 8. Nh3 Qe7 9. Qg4 Kf8 10. 0-0-0 Nc6 11. f4 Nb6 12. Bb5 Bd7 13. Bxc6 bxc6 14. Qf3 Rb8 15. g4 Nc4 16. Na4 c5 17. b3 Bxa4 18. bxc4 cxd4 19. cxd5 Qb4 20. Qd3 Rb5 21. a3 Qb2+ 22. Kd2 Rc5 23. Rc1 Rc3 24. Qa6 Rxc2+ 25. Rxc2 Qxc2+ 26. Ke1 Qe4+ 27. Kf2 Qc2+ 28. Kg3 Ke7 29. d6+ Kd7 30. dxc7 Bc6 31. Rh2 Qc3+ 32. Kh4 h5 33. c8Q+ Rxc8 34. Qxa7+ Rc7 35. Qb8 Qxa3 36. Rd2 Qc5 37. Qb2 hxg4 38. Rxd4+ Bd5 39. Kxg4 Ke7 40. Qb4 f6 41. exf6+ gxf6 42. Qxc5+ Rxc5 43. Rd3 Be4 44. Re3 Bf5+ 45. Kg3 Rc4 46. Ng1 Kd6 47. Nf3 Kd5 48. Ra3 Rc6 49. Re3 Rc2 50. Ra3 Re2 51. Rb3 Be4 52. Rc3 Bxf3 53. Kxf3 Rh2 54. Kg3 Rd2 55. Kf3 Kd4 56. Rc6 Kd5 57. Ra6 Rd3+ 58. Ke2 Rc3 59. f5 exf5 60. Rxf6 Ke4 61. Ra6 Rc2+ 62. Kf1 Kf3 63. Ra3+ Kg4 64. Rb3 f4 65. Ra3 f3 66. Ra8 Rc5 1/2-1/2